[Event "4NCL/Div4a/CAMB2 vs. GLOSG"]
[Site "Telford ENG"]
[Date "2005.05.28"]
[Round "9.2"]
[White "Taylor, Geoffrey P"]
[Black "Campbell, Mark"]
[Result "1-0"]
[WhiteElo "2135"]
[BlackElo "2030"]
[PlyCount "51"]
[EventDate "2005.05.28"]
[SourceDate "2004.09.21"]

1. e4 c5 2. Nf3 d6 3. d4 cxd4 4. Nxd4 Nf6 5. Nc3 a6 6. Bg5 e6 7. f4 Be7 8. Qf3
Qc7 9. O-O-O Nbd7 10. Bd3 b5 11. Rhe1 Nc5 12. Qg3 b4 13. Bxf6 gxf6 14. Nd5 exd5
15. exd5 Kf8 16. Nc6 Bd8 17. Re3 a5 18. Bb5 Bd7 19. Rde1 Qb7 20. Qh4 h6 21.
Nxd8 Qxb5 22. Qxf6 Rh7 23. Qe7+ Kg8 24. Rg3+ Rg7 25. Qxf7+ Kh8 26. Qxg7# 1-0

[Event "4NCL/Div4a/CAMB2 vs. GLOSG"]
[Site "Telford ENG"]
[Date "2005.05.28"]
[Round "9.3"]
[White "Low, Ying Min"]
[Black "Bolt, Graham"]
[Result "0-1"]
[WhiteElo "2027"]
[BlackElo "2114"]
[PlyCount "128"]
[EventDate "2005.05.28"]
[SourceDate "2004.09.21"]

1. d4 Nf6 2. c4 g6 3. Nc3 d5 4. cxd5 Nxd5 5. e4 Nxc3 6. bxc3 Bg7 7. Be3 O-O 8.
Qd2 c5 9. Nf3 cxd4 10. cxd4 Nc6 11. Rd1 Bg4 12. Be2 Rc8 13. O-O Na5 14. Rc1 b6
15. Rxc8 Qxc8 16. Rc1 Qd7 17. Ne5 Bxe5 18. Bxg4 Qxg4 19. dxe5 Rc8 20. Bh6 Rxc1+
21. Qxc1 Qd7 22. h3 Nc6 23. Qc3 Nd8 24. Kh2 Ne6 25. f4 Nc5 26. Qc4 e6 27. Qe2
Qd3 28. Qxd3 Nxd3 29. Kg3 b5 30. Bg5 b4 31. Be7 a5 32. Kf3 Nc1 33. Ke3 Nxa2 34.
Kd2 Nc3 35. Kc2 Ne2 36. f5 Nf4 37. Kb3 Nxg2 38. Bg5 Ne1 39. fxe6 fxe6 40. Ka4
Nd3 41. Be3 Nxe5 42. Kb3 Kf7 43. Bb6 Nf3 44. Bxa5 Nd2+ 45. Kxb4 Nxe4 46. Kc4
Kf6 47. Kd4 Kf5 48. Ke3 g5 49. Kf3 h5 50. Bc7 Nf6 51. Bb8 Nd5 52. Kg3 e5 53.
Bd6 h4+ 54. Kh2 Nf4 55. Bc5 e4 56. Bd4 g4 57. hxg4+ Kxg4 58. Bb6 Kf3 59. Ba7 e3
60. Bxe3 Kxe3 61. Kh1 Kf3 62. Kh2 Kg4 63. Kh1 Kg3 64. Kg1 Nd5 0-1

[Event "4NCL/Div4a/CAMB2 vs. GLOSG"]
[Site "Telford ENG"]
[Date "2005.05.28"]
[Round "9.4"]
[White "Buchanan, David"]
[Black "Broomfield, Lucy"]
[Result "1/2-1/2"]
[WhiteElo "2100"]
[BlackElo "2004"]
[PlyCount "89"]
[EventDate "2005.05.28"]
[SourceDate "2004.09.21"]

1. e4 e6 2. d4 d5 3. Nc3 Nf6 4. Bg5 dxe4 5. Nxe4 Be7 6. Nxf6+ Bxf6 7. Bxf6 Qxf6
8. Nf3 O-O 9. Bd3 c5 10. c3 cxd4 11. Nxd4 e5 12. Nb3 Nc6 13. Qc2 h6 14. O-O-O
b6 15. h4 Be6 16. f3 Nb4 17. Qe2 Nxa2+ 18. Kc2 Nb4+ 19. cxb4 Rac8+ 20. Kb1 Bxb3
21. Rde1 Qd6 22. g4 Qxb4 23. Qe4 Qxe4 24. Bxe4 Rc5 25. Re3 Bd5 26. Bxd5 Rxd5
27. Rc1 Rfd8 28. Rc7 a5 29. Rb7 b5 30. Re7 f6 31. Rc3 R5d7 32. Re6 b4 33. Rc1
Ra8 34. Ka2 Rd3 35. Rc7 Kh8 36. Ree7 Rg8 37. g5 hxg5 38. hxg5 Rxf3 39. gxf6
Rxf6 40. Rxe5 Ra8 41. Rg5 g6 42. Rb5 Kg8 43. Rbb7 Kf8 44. Rh7 Kg8 45. Rbg7+
1/2-1/2

[Event "4NCL/Div4a/CAMB2 vs. GLOSG"]
[Site "Telford ENG"]
[Date "2005.05.28"]
[Round "9.5"]
[White "Kreuzer, Christopher"]
[Black "Martin, Peter"]
[Result "1/2-1/2"]
[WhiteElo "1955"]
[BlackElo "2025"]
[PlyCount "95"]
[EventDate "2005.05.28"]
[SourceDate "2004.09.21"]

1. e4 c6 2. d4 d5 3. e5 c5 4. c3 Nc6 5. Ne2 Bg4 6. f3 Bf5 7. Ng3 Bg6 8. Qb3 Qb6
9. Qxb6 axb6 10. Na3 e6 11. Nb5 Rc8 12. Be3 cxd4 13. Bxd4 Nxd4 14. Nxd4 Ne7 15.
Bb5+ Nc6 16. O-O Be7 17. f4 O-O 18. Nge2 Bc5 19. Rad1 Ra8 20. a3 Ra5 21. Bd3
Bxd3 22. Rxd3 Ra4 23. Rfd1 Rc8 24. Kf1 Nxd4 25. Nxd4 g6 26. Nc2 Rxf4+ 27. Rf3
Re4 28. Re1 Rxe1+ 29. Kxe1 Bg1 30. Kf1 Bc5 31. Ke2 Bf8 32. Kd3 Rc4 33. Nd4 Bg7
34. Re3 Bh6 35. Re2 Ra4 36. g3 Bf8 37. Nb5 h5 38. b4 Ra8 39. Kc2 Rc8 40. Kb3
Be7 41. a4 Kg7 42. Nd4 g5 43. h3 Kf8 44. Rf2 Ke8 45. Nb5 Rc4 46. Re2 h4 47. Na3
Rc8 48. g4 1/2-1/2

[Event "4NCL/Div4a/CAMB2 vs. GLOSG"]
[Site "Telford ENG"]
[Date "2005.05.28"]
[Round "9.6"]
[White "Dixon, Richard J"]
[Black "Spencer, Carl"]
[Result "1-0"]
[WhiteElo "2040"]
[BlackElo "1855"]
[PlyCount "123"]
[EventDate "2005.05.28"]
[SourceDate "2004.09.21"]

1. e4 e6 2. d3 d5 3. Nd2 c5 4. Ngf3 Nc6 5. g3 Bd6 6. Bg2 Nge7 7. O-O O-O 8. Nh4
Rb8 9. f4 f6 10. f5 d4 11. Nc4 Bc7 12. a4 a6 13. Bf4 e5 14. Bd2 b5 15. axb5
axb5 16. Na3 Ba6 17. b3 Ba5 18. Rf2 Bc3 19. Bxc3 dxc3 20. Nb1 Nb4 21. Nxc3 Ra8
22. Nf3 Qd7 23. Rd2 Rfd8 24. Ne2 g5 25. g4 Kg7 26. Ng3 Nec6 27. c3 Nxd3 28. Bf1
c4 29. bxc4 bxc4 30. Nh5+ Kf7 31. Bxd3 cxd3 32. Qb3+ Ke7 33. Rda2 Rdb8 34. Qa3+
Kf7 35. Qc5 Bb7 36. Rxa8 Rxa8 37. Rxa8 Bxa8 38. Nd2 Bb7 39. Kf2 Ba6 40. Ke3 Nd8
41. Qb6 Bb5 42. Qxf6+ Kg8 43. Qxg5+ Kh8 44. Qf6+ Kg8 45. Qxe5 Qa7+ 46. Qd4 Qe7
47. Qd5+ Kf8 48. Nf3 Be8 49. Qxd3 Nc6 50. Nf4 Qc5+ 51. Nd4 Bf7 52. Kd2 Nd8 53.
Qb5 Qa7 54. Ke3 Qa1 55. Qc5+ Kg8 56. Nde2 Qa8 57. f6 Nb7 58. Qg5+ Bg6 59. Nxg6
Qa7+ 60. Nd4 h6 61. Qd5+ Kh7 62. Qf7# 1-0

[Event "4NCL/Div4a/HKF3 vs. SLOS4"]
[Site "Telford ENG"]
[Date "2005.05.28"]
[Round "9.1"]
[White "Ogunshola, Ben"]
[Black "Makepeace, Philip J"]
[Result "1/2-1/2"]
[WhiteElo "2175"]
[BlackElo "2015"]
[PlyCount "27"]
[EventDate "2005.05.28"]
[SourceDate "2004.09.21"]

1. c4 e5 2. Nc3 d6 3. g3 g6 4. Bg2 Bg7 5. d3 c6 6. Rb1 Ne7 7. b4 O-O 8. e3 f5
9. Nge2 Be6 10. O-O e4 11. Bb2 d5 12. cxd5 cxd5 13. b5 Nd7 14. a4 1/2-1/2

[Event "4NCL/Div4a/HKF3 vs. SLOS4"]
[Site "Telford ENG"]
[Date "2005.05.28"]
[Round "9.2"]
[White "Foster, James J"]
[Black "Giles, Benjamin"]
[Result "1-0"]
[WhiteElo "2068"]
[BlackElo "2058"]
[PlyCount "59"]
[EventDate "2005.05.28"]
[SourceDate "2004.09.21"]

1. c4 Nf6 2. Nc3 g6 3. e4 d6 4. g3 Bg7 5. Bg2 O-O 6. Nge2 c5 7. O-O Nc6 8. h3
Be6 9. d3 Qc8 10. Kh2 Nd7 11. f4 f5 12. exf5 gxf5 13. Rb1 Kh8 14. a3 a5 15. Nb5
Nf6 16. b3 Bd7 17. Bb2 Nd8 18. Nec3 Bc6 19. Re1 Bxg2 20. Kxg2 Qc6+ 21. Qf3
Qxf3+ 22. Kxf3 Nc6 23. Nc7 Rac8 24. Ne6 Rf7 25. Nd5 Nd4+ 26. Bxd4 cxd4 27. Nb6
Rg8 28. Ng5 Rff8 29. Rxe7 Re8 30. Nf7# 1-0

[Event "4NCL/Div4a/HKF3 vs. SLOS4"]
[Site "Telford ENG"]
[Date "2005.05.28"]
[Round "9.3"]
[White "James, Stephen B"]
[Black "Varnam, Liam D"]
[Result "0-1"]
[WhiteElo "2046"]
[BlackElo "2092"]
[PlyCount "70"]
[EventDate "2005.05.28"]
[SourceDate "2004.09.21"]

1. e4 e5 2. Nf3 Nc6 3. Bb5 a6 4. Ba4 Nf6 5. d3 b5 6. Bb3 Be7 7. O-O O-O 8. Nbd2
d6 9. a4 Bb7 10. Re1 Nd7 11. axb5 axb5 12. Rxa8 Qxa8 13. c3 Nc5 14. Bc2 Ne6 15.
Nf1 Qd8 16. Ng3 g6 17. h3 Bf6 18. Nh2 Bg7 19. Ng4 Qh4 20. Ne3 Ne7 21. Bb3 Nc5
22. Ba2 Kh8 23. b4 Na4 24. Bd2 f5 25. exf5 gxf5 26. Nef1 f4 27. Ne4 d5 28. Nc5
Nxc5 29. bxc5 f3 30. Ng3 Ng6 31. Rf1 Nf4 32. Bxf4 exf4 33. Nh1 fxg2 34. Kxg2
f3+ 35. Kh2 Bc8 0-1

[Event "4NCL/Div4a/HKF3 vs. SLOS4"]
[Site "Telford ENG"]
[Date "2005.05.28"]
[Round "9.4"]
[White "McCarthy, Kevin"]
[Black "Spearman, David"]
[Result "1-0"]
[WhiteElo "2065"]
[BlackElo "2030"]
[PlyCount "79"]
[EventDate "2005.05.28"]
[SourceDate "2004.09.21"]

1. d4 Nf6 2. f3 d5 3. e4 dxe4 4. Nc3 e3 5. Bxe3 Bf5 6. Bc4 c6 7. Nge2 h6 8. Qd2
e6 9. a3 Be7 10. O-O-O b5 11. Bb3 b4 12. Nb1 bxa3 13. Nxa3 Nd5 14. Nc4 Nxe3 15.
Nxe3 Bh7 16. d5 exd5 17. Nxd5 O-O 18. Nxe7+ Qxe7 19. Bc4 a5 20. Nc3 Na6 21.
Rhe1 Qc5 22. Bxa6 Rxa6 23. Qd6 Qxd6 24. Rxd6 a4 25. Nb5 Ra5 26. Na3 Rc8 27.
Rxc6 Rd8 28. Rd6 Rc8 29. g4 h5 30. h3 hxg4 31. hxg4 f5 32. g5 Kf8 33. g6 Bg8
34. Rd7 Ra6 35. Rg1 Rac6 36. c3 Bb3 37. Nb5 Rf6 38. Nd4 Ra8 39. Rc7 Raa6 40.
Rh1 1-0

[Event "4NCL/Div4a/HKF3 vs. SLOS4"]
[Site "Telford ENG"]
[Date "2005.05.28"]
[Round "9.5"]
[White "Gogerty, Ray T"]
[Black "Ufodike, Bel"]
[Result "0-1"]
[WhiteElo "1655"]
[BlackElo "2095"]
[PlyCount "70"]
[EventDate "2005.05.28"]
[SourceDate "2004.09.21"]

1. Nf3 d5 2. d4 c6 3. e3 Bg4 4. Be2 Nf6 5. Nc3 e6 6. O-O Bd6 7. h3 Bh5 8. Nh2
Bg6 9. Nf3 Nbd7 10. Bd3 e5 11. Bxg6 hxg6 12. dxe5 Nxe5 13. Nxe5 Bxe5 14. f4
Bxc3 15. bxc3 Qe7 16. Qf3 O-O 17. Bb2 Rfe8 18. Rae1 Ne4 19. Re2 Qc5 20. Rb1 Qb5
21. c4 dxc4 22. Ree1 Nd2 23. Qe2 Nxb1 24. Rxb1 Rad8 25. Qe1 Qc5 26. Bc1 b5 27.
Bd2 c3 28. Bc1 Rd5 29. Rb3 b4 30. Kh2 Red8 31. Qf2 Rd1 32. Rb1 a5 33. Kg3 Qc4
34. Kh2 Rf1 35. Qg3 Rdd1 0-1

[Event "4NCL/Div4a/HKF3 vs. SLOS4"]
[Site "Telford ENG"]
[Date "2005.05.28"]
[Round "9.6"]
[White "Coddington, Oliver"]
[Black "Parmar, Jyoti"]
[Result "1-0"]
[WhiteElo "1962"]
[BlackElo "1565"]
[PlyCount "65"]
[EventDate "2005.05.28"]
[SourceDate "2004.09.21"]

1. d4 d5 2. Nf3 Nf6 3. g3 Bf5 4. c4 c6 5. Bg2 dxc4 6. Nc3 b5 7. Ne5 Qb6 8. a4
b4 9. a5 Qc7 10. Na2 e6 11. Qa4 Be4 12. f3 Bf5 13. Nxb4 Bxb4+ 14. Qxb4 h6 15.
e4 Bh7 16. Bd2 Na6 17. Qxc4 Nb8 18. Bb4 a6 19. O-O Nh5 20. Rfc1 Kd8 21. Bc5 Ke8
22. Bb6 Qb7 23. Qa4 Nf6 24. Nxc6 Nxc6 25. Rxc6 Nd7 26. Rc7 Qxc7 27. Bxc7 Ke7
28. Qb4+ Ke8 29. Rc1 Rc8 30. Qb7 Ke7 31. Bd6+ Kxd6 32. Rxc8 Rxc8 33. Qxc8 1-0

[Event "4NCL/Div4a/SLOS2 vs. NOTT"]
[Site "Telford ENG"]
[Date "2005.05.28"]
[Round "9.1"]
[White "Richmond, Robert J"]
[Black "Barnes, Michael H"]
[Result "0-1"]
[WhiteElo "2257"]
[BlackElo "2254"]
[PlyCount "132"]
[EventDate "2005.05.28"]
[SourceDate "2004.09.21"]

1. d4 Nf6 2. c4 g6 3. Nc3 Bg7 4. e4 d6 5. f3 O-O 6. Be3 c5 7. dxc5 dxc5 8. Qxd8
Rxd8 9. Bxc5 Nc6 10. Nge2 Nd7 11. Ba3 Nde5 12. Nf4 Nd4 13. O-O-O e6 14. Bc5
Nec6 15. Nfe2 b6 16. Nxd4 Nxd4 17. Bxd4 Rxd4 18. Rxd4 Bxd4 19. Kc2 Ba6 20. Be2
Rc8 21. Kb3 Kf8 22. Rd1 Rd8 23. a3 Ke7 24. Na2 Bb7 25. Nb4 a5 26. Nc2 Be5 27.
Rxd8 Kxd8 28. g3 g5 29. Ne3 h5 30. Ng2 Bd4 31. h3 f5 32. Bd3 Bf2 33. g4 fxg4
34. fxg4 h4 35. Kc2 Ke7 36. b4 Kd6 37. Kd1 Bd4 38. Ke2 Bb2 39. bxa5 bxa5 40. a4
Ke5 41. Ne1 Kf4 42. Nf3 Bc6 43. Bc2 Bf6 44. c5 Kg3 45. Bb3 Bxe4 46. Nd2 Bc6 47.
Bxe6 Kxh3 48. Nc4 Bxa4 49. Nxa5 Be7 50. Nb3 Kg3 51. Nd4 Bxc5 52. Nf5+ Kxg4 53.
Nh6+ Kg3 54. Nf5+ Kf4 55. Nh6 Bb5+ 56. Ke1 Kf3 57. Bd5+ Kg3 58. Nf5+ Kh2 59.
Nh6 Kg1 60. Be6 Bb4+ 61. Kd1 Kf2 62. Nf7 Be2+ 63. Kc2 g4 64. Ng5 g3 65. Nh3+
Ke3 66. Bd5 Bg4 0-1

[Event "4NCL/Div4a/SLOS2 vs. NOTT"]
[Site "Telford ENG"]
[Date "2005.05.28"]
[Round "9.2"]
[White "Mercs, Peter J"]
[Black "Hersvik, Daniel"]
[Result "1-0"]
[WhiteElo "2081"]
[BlackElo "2243"]
[PlyCount "103"]
[EventDate "2005.05.28"]
[SourceDate "2004.09.21"]

1. e4 c5 2. Nf3 d6 3. d4 cxd4 4. Nxd4 Nf6 5. Nc3 g6 6. f3 Bg7 7. Be3 Nc6 8. g4
O-O 9. Qd2 Nxd4 10. Bxd4 Be6 11. Nd5 Bxd5 12. exd5 e5 13. dxe6 fxe6 14. O-O-O
Rc8 15. h4 Nd5 16. Bxg7 Kxg7 17. h5 g5 18. Kb1 Rc6 19. c4 Nf4 20. Rh2 Qf6 21.
Qa5 d5 22. Qxa7 Rf7 23. cxd5 Nxd5 24. Rhd2 Qxf3 25. Qd4+ Kg8 26. Bg2 Qf4 27.
Bxd5 exd5 28. Qxd5 Qxg4 29. Rf2 Qxd1+ 30. Qxd1 Rxf2 31. Qd8+ Rf8 32. Qxg5+ Kf7
33. a3 Rf6 34. Qd5+ Kg7 35. Qxb7+ R8f7 36. Qg2+ Kh6 37. Qd2+ Kxh5 38. a4 Rf1+
39. Ka2 R1f4 40. Ka3 Rf3+ 41. b3 Kg4 42. a5 R3f4 43. Qg2+ Kf5 44. b4 Ke5 45. a6
Rf1 46. Qb2+ Kd5 47. Ka4 Kc6 48. Qd4 R7f6 49. b5+ Kc7 50. b6+ Kc6 51. a7 Kb7
52. a8=Q+ 1-0

[Event "4NCL/Div4a/SLOS2 vs. NOTT"]
[Site "Telford ENG"]
[Date "2005.05.28"]
[Round "9.3"]
[White "Rudolf, Anna"]
[Black "Walker, Andrew N"]
[Result "1/2-1/2"]
[WhiteElo "2210"]
[BlackElo "2075"]
[PlyCount "103"]
[EventDate "2005.05.28"]
[SourceDate "2004.09.21"]

1. e4 e5 2. Nf3 Nc6 3. Bb5 Nf6 4. d4 Nxd4 5. Nxd4 exd4 6. e5 Nd5 7. Qxd4 c6 8.
Bc4 Qb6 9. Qe4 Bc5 10. O-O Ne7 11. b4 Bxb4 12. Be3 Qc7 13. Bxf7+ Kxf7 14. Qxb4
Qxe5 15. Nd2 Nd5 16. Qa3 Qc3 17. Qd6 Re8 18. Nf3 Qf6 19. Qg3 Nxe3 20. fxe3 Kg8
21. e4 d5 22. exd5 cxd5 23. Rad1 Be6 24. Nd4 Qe7 25. Kh1 Rad8 26. h3 Qd6 27.
Qg5 Qe7 28. Qg3 Qd6 29. Qb3 Rd7 30. Rf3 Bf7 31. Rfd3 Bg6 32. R3d2 Qf4 33. Ne2
Qf2 34. Qb5 Be4 35. Nf4 Qxf4 36. Qxd7 Rf8 37. Rxd5 Bxd5 38. Qxd5+ Qf7 39. Qe5
Re8 40. Qb5 Rf8 41. Qb3 Qxb3 42. cxb3 Rf7 43. Kg1 Kf8 44. Re1 Re7 45. Rc1 Rf7
46. Re1 Re7 47. Kf2 Rxe1 48. Kxe1 Ke7 49. Kd2 Kd6 50. Kd3 Kd5 51. Ke3 Ke5 52.
g3 1/2-1/2

[Event "4NCL/Div4a/SLOS2 vs. NOTT"]
[Site "Telford ENG"]
[Date "2005.05.28"]
[Round "9.4"]
[White "Truman, Richard G"]
[Black "Rees, Ioan"]
[Result "0-1"]
[WhiteElo "2019"]
[BlackElo "2218"]
[PlyCount "56"]
[EventDate "2005.05.28"]
[SourceDate "2004.09.21"]

1. d4 Nf6 2. c4 c5 3. d5 b5 4. Nf3 e6 5. dxe6 fxe6 6. cxb5 Bb7 7. Nc3 Be7 8.
Bg5 d5 9. Qb3 Nbd7 10. e4 Nxe4 11. Nxe4 dxe4 12. Qxe6 exf3 13. Bc4 Qa5+ 14. Kd1
O-O-O 15. Bxe7 fxg2 16. Re1 Rde8 17. Kc2 Qb6 18. Rad1 Qxe6 19. Rxe6 Nb6 20. Be2
Kb8 21. Bg4 Nd5 22. Bd6+ Ka8 23. Bxc5 Rc8 24. b4 Nxb4+ 25. Kb3 Rxc5 26. Kxb4
Rg5 27. f3 h5 28. h4 Rd5 0-1

[Event "4NCL/Div4a/SLOS2 vs. NOTT"]
[Site "Telford ENG"]
[Date "2005.05.28"]
[Round "9.5"]
[White "Roberson, Peter T"]
[Black "Lakhani, Kishan"]
[Result "1-0"]
[WhiteElo "2139"]
[BlackElo "1982"]
[PlyCount "69"]
[EventDate "2005.05.28"]
[SourceDate "2004.09.21"]

1. e4 c5 2. c3 Nf6 3. e5 Nd5 4. Nf3 e6 5. d4 cxd4 6. Bc4 Nb6 7. Bb3 d6 8. exd6
Bxd6 9. cxd4 h6 10. Nc3 Bd7 11. O-O O-O 12. Qd3 Nc6 13. Bc2 f5 14. a3 Qf6 15.
Bb3 Kh8 16. Rd1 Rad8 17. Be3 e5 18. dxe5 Bxe5 19. Bxb6 axb6 20. Nd5 Qg6 21.
Nxb6 Be6 22. Nxe5 Nxe5 23. Qc3 Qh5 24. f3 Bxb3 25. Qxb3 f4 26. Nc4 Nxc4 27.
Qxc4 Rc8 28. Qb4 Rf7 29. Rac1 Re8 30. Re1 Re3 31. Rc8+ Kh7 32. Rxe3 fxe3 33.
Qe4+ Qf5 34. Qxf5+ Rxf5 35. Re8 1-0

[Event "4NCL/Div4a/SLOS2 vs. NOTT"]
[Site "Telford ENG"]
[Date "2005.05.28"]
[Round "9.6"]
[White "Wright, Antony J"]
[Black "Armstrong, Malcolm"]
[Result "0-1"]
[WhiteElo "1990"]
[BlackElo "2129"]
[PlyCount "88"]
[EventDate "2005.05.28"]
[SourceDate "2004.09.21"]

1. Nf3 d6 2. d4 Bg4 3. e4 Nd7 4. Be3 Ngf6 5. Nbd2 g6 6. h3 Bxf3 7. Qxf3 Bg7 8.
Bc4 O-O 9. O-O c5 10. c3 Rc8 11. Bb3 b6 12. Qe2 Qc7 13. f4 Qb7 14. d5 b5 15. a3
a5 16. Qf3 Ne8 17. Bf2 Nc7 18. Bh4 Rce8 19. Rad1 b4 20. Ba4 Na6 21. Nc4 Nab8
22. e5 dxe5 23. fxe5 Bxe5 24. Nxa5 Qa7 25. Bxd7 Qxd7 26. axb4 cxb4 27. cxb4
Bxb2 28. Qb3 Bg7 29. b5 Qa7+ 30. b6 Qxa5 31. Bf2 Nd7 32. b7 Rb8 33. Rc1 Be5 34.
Rc2 Qa6 35. Rb1 Nf6 36. Rc6 Qe2 37. Ba7 Rbd8 38. Rbc1 Rxd5 39. Rc8 Rdd8 40.
b8=Q Bxb8 41. Qxb8 Rxc8 42. Rxc8 Rxc8 43. Qxc8+ Kg7 44. Bd4 Qd1+ 0-1

[Event "4NCL/Div4a/AD3 vs. OXF2"]
[Site "Telford ENG"]
[Date "2005.05.28"]
[Round "9.1"]
[White "Leary, Peter"]
[Black "Ludbrook, Matt"]
[Result "0-1"]
[WhiteElo "1845"]
[BlackElo "2039"]
[PlyCount "62"]
[EventDate "2005.05.28"]
[SourceDate "2004.09.21"]

1. e4 e6 2. d4 d5 3. e5 c5 4. Nf3 Qb6 5. c3 Nc6 6. Bd3 Bd7 7. dxc5 Bxc5 8. O-O
a5 9. Qe2 Nge7 10. Nbd2 a4 11. Rb1 Ng6 12. Bxg6 hxg6 13. Ng5 Rh5 14. Ndf3 Na5
15. Qc2 Rc8 16. g4 Rh8 17. Nxf7 Kxf7 18. Ng5+ Kg8 19. Qxg6 Rf8 20. Bd2 Rh6 21.
Qc2 Bb5 22. b4 axb3 23. axb3 Bxf1 24. Rxf1 Rxf2 25. Rxf2 Bxf2+ 26. Kf1 Be3 27.
c4 Bxd2 28. Qxd2 Qxb3 29. Qxa5 Qxc4+ 30. Kf2 Qf4+ 31. Nf3 Rxh2+ 0-1

[Event "4NCL/Div4a/AD3 vs. OXF2"]
[Site "Telford ENG"]
[Date "2005.05.28"]
[Round "9.2"]
[White "Morris, Graham"]
[Black "Jones, Simon A"]
[Result "1-0"]
[WhiteElo "2050"]
[BlackElo "1725"]
[PlyCount "105"]
[EventDate "2005.05.28"]
[SourceDate "2004.09.21"]

1. e4 e5 2. Nf3 d6 3. d4 exd4 4. Nxd4 Nf6 5. Nc3 Be7 6. Be3 c5 7. Nde2 Nc6 8.
f3 O-O 9. Qd2 Ne5 10. Nf4 Bd7 11. O-O-O a6 12. Nfd5 b5 13. Nxe7+ Qxe7 14. Qxd6
Qe8 15. Bxc5 Rc8 16. Qxf8+ Qxf8 17. Bxf8 Kxf8 18. Be2 Be6 19. Kb1 b4 20. Nd5 a5
21. Nxf6 gxf6 22. Rd4 Nc6 23. Rd6 a4 24. Bb5 Ne5 25. Bxa4 Nc4 26. Rd3 Ne5 27.
Rd4 Nc4 28. Bb3 Ne3 29. Rd2 Nc4 30. Bxc4 Bxc4 31. Rhd1 Ke8 32. Rd6 Ra8 33. b3
Be6 34. Rb6 f5 35. Rxb4 fxe4 36. Rxe4 Kf8 37. Red4 Ke7 38. a4 Ra7 39. Kb2 Rc7
40. a5 Bf5 41. c4 Ra7 42. Ra1 Kf6 43. b4 Re7 44. Rad1 Re2+ 45. R4d2 Re3 46. b5
Be6 47. Rc1 Re5 48. a6 Rc5 49. a7 Rc8 50. b6 Rc6 51. a8=Q Rxb6+ 52. Kc3 Bf5 53.
Qd8+ 1-0

[Event "4NCL/Div4a/AD3 vs. OXF2"]
[Site "Telford ENG"]
[Date "2005.05.28"]
[Round "9.3"]
[White "Moore, Kevin J"]
[Black "Bruce, Dave"]
[Result "0-1"]
[WhiteElo "1655"]
[BlackElo "2075"]
[PlyCount "72"]
[EventDate "2005.05.28"]
[SourceDate "2004.09.21"]

1. e4 e6 2. d4 d5 3. Nc3 Bb4 4. Bd2 dxe4 5. Nge2 Nf6 6. a3 Bxc3 7. bxc3 O-O 8.
g3 b6 9. Bg2 Bb7 10. O-O Nbd7 11. Re1 h6 12. Qc1 Kh7 13. Nf4 c5 14. h4 Qc7 15.
Be3 Rac8 16. Qd2 cxd4 17. cxd4 Qxc2 18. Rec1 Qxd2 19. Bxd2 Rxc1+ 20. Rxc1 Rc8
21. Ne2 Rxc1+ 22. Bxc1 Bc6 23. Nc3 b5 24. Bf1 a6 25. Be2 Nb6 26. Bd1 Nbd5 27.
Nxe4 Nxe4 28. Bc2 f5 29. Kf1 Nec3 30. Ke1 Nb6 31. g4 Be4 32. Bb3 Ncd5 33. Bd2
fxg4 34. Ba5 Bf5 35. Kd2 Nc4+ 36. Bxc4 bxc4 0-1

[Event "4NCL/Div4a/AD3 vs. OXF2"]
[Site "Telford ENG"]
[Date "2005.05.28"]
[Round "9.4"]
[White "Smith, Jonathan"]
[Black "Meakin, Anthony"]
[Result "1-0"]
[WhiteElo "1925"]
[BlackElo "1690"]
[PlyCount "47"]
[EventDate "2005.05.28"]
[SourceDate "2004.09.21"]

1. e4 c6 2. d4 d5 3. e5 Bf5 4. Nc3 e6 5. g4 Bg6 6. Nge2 Nd7 7. h4 h6 8. Be3 Bb4
9. Qd2 Qc7 10. Nf4 Ne7 11. Bd3 Rc8 12. Bxg6 fxg6 13. Nxe6 Qa5 14. a3 Bxc3 15.
Qxc3 Qxc3+ 16. bxc3 Kf7 17. Nf4 c5 18. e6+ Ke8 19. exd7+ Kxd7 20. dxc5 Rhf8 21.
O-O-O Kc6 22. Nd3 Rcd8 23. Rhe1 Rd7 24. Ne5+ 1-0

[Event "4NCL/Div4a/AD3 vs. OXF2"]
[Site "Telford ENG"]
[Date "2005.05.28"]
[Round "9.5"]
[White "McIntosh, Doreen"]
[Black "Hadi, Justin"]
[Result "0-1"]
[WhiteElo "1690"]
[BlackElo "1845"]
[PlyCount "80"]
[EventDate "2005.05.28"]
[SourceDate "2004.09.21"]

1. d4 Nf6 2. Nf3 e6 3. e3 c5 4. b3 b6 5. Bb2 Bb7 6. Nbd2 Be7 7. Bd3 d5 8. O-O
Nbd7 9. Ne5 Nxe5 10. dxe5 Nd7 11. Nf3 Qc7 12. c4 dxc4 13. Bxc4 O-O 14. Qe2 Rac8
15. e4 Rfd8 16. Rad1 Bc6 17. Rd2 Qb8 18. Bb5 Bxb5 19. Qxb5 Qb7 20. Rfd1 Nf8 21.
Qe2 a6 22. h3 b5 23. Rxd8 Rxd8 24. Rxd8 Bxd8 25. Nd2 Qd7 26. f4 Ba5 27. Bc1
Qd4+ 28. Kh2 Qa1 29. Qd1 Qxa2 30. Nf3 Qb1 31. Nd2 Qd3 32. f5 Bxd2 33. Bxd2 Qxe4
34. fxe6 Qxe5+ 35. g3 Nxe6 36. Ba5 Qd4 37. Qe2 h6 38. h4 Qd5 39. Qc2 Nd4 40.
Qd1 Nf3+ 0-1

[Event "4NCL/Div4a/AD3 vs. OXF2"]
[Site "Telford ENG"]
[Date "2005.05.28"]
[Round "9.6"]
[White "Harrison, Pete R"]
[Black "Gavin, Peter"]
[Result "1-0"]
[WhiteElo "1875"]
[BlackElo "1630"]
[PlyCount "113"]
[EventDate "2005.05.28"]
[SourceDate "2004.09.21"]

1. d4 Nf6 2. Nf3 d5 3. e3 c6 4. Bd3 Bg4 5. Nbd2 Nbd7 6. h3 Bxf3 7. Nxf3 e6 8.
O-O Be7 9. c3 h6 10. Qe2 Qc7 11. e4 dxe4 12. Bxe4 Nxe4 13. Qxe4 Nf6 14. Qe2 O-O
15. Ne5 Bd6 16. f4 Rad8 17. g4 Bxe5 18. dxe5 Nd5 19. Kh1 Ne7 20. Be3 Nd5 21.
Bc5 Rfe8 22. g5 hxg5 23. fxg5 Ne7 24. Bd6 Qa5 25. Qf2 Qd5+ 26. Kh2 Nf5 27. Rad1
Qb5 28. Bc7 Rxd1 29. Rxd1 Qc4 30. a3 Qh4 31. Qxh4 Nxh4 32. Kg3 Nf5+ 33. Kf4 a6
34. Bb6 Ne7 35. c4 Ng6+ 36. Ke4 Ne7 37. Rd7 Nf5 38. Rxb7 Ng3+ 39. Kd4 Ne2+ 40.
Ke3 Ng3 41. Rd7 Nf5+ 42. Kf4 Re7 43. Rxe7 Nxe7 44. Ke4 Nf5 45. b4 Kf8 46. a4
Ke8 47. b5 cxb5 48. cxb5 axb5 49. axb5 Kd7 50. Bf2 Ne7 51. h4 g6 52. Kd3 Nd5
53. Kc4 Kc8 54. Kc5 Kb7 55. Kd6 Nc3 56. Ke7 Ne4 57. Bg1 1-0

[Event "4NCL/Div4a/GUI4 vs. HKFC"]
[Site "Telford ENG"]
[Date "2005.05.28"]
[Round "9.1"]
[White "Cullen, Anthony P"]
[Black "Fowler, Simon"]
[Result "1/2-1/2"]
[WhiteElo "2125"]
[BlackElo "2154"]
[PlyCount "59"]
[EventDate "2005.05.28"]
[SourceDate "2004.09.21"]

1. d4 d5 2. Nf3 c6 3. c4 e6 4. Nc3 dxc4 5. a4 Bb4 6. e4 b5 7. axb5 cxb5 8. Bd2
Bxc3 9. Bxc3 Nf6 10. Nd2 Bb7 11. b3 Nxe4 12. Nxe4 Bxe4 13. bxc4 bxc4 14. Qg4
Bg6 15. Bxc4 O-O 16. O-O Nd7 17. Bb4 Re8 18. Bb5 Rb8 19. Qe2 Qc7 20. Ra6 Qb7
21. Bxd7 Qxd7 22. Bc5 Rb7 23. Rfa1 Reb8 24. h3 Rb1+ 25. Rxb1 Rxb1+ 26. Kh2 Qc7+
27. Qe5 Qxe5+ 28. dxe5 Rb7 29. Rxa7 Rxa7 30. Bxa7 1/2-1/2

[Event "4NCL/Div4a/GUI4 vs. HKFC"]
[Site "Telford ENG"]
[Date "2005.05.28"]
[Round "9.2"]
[White "Tavoularis, Nicholas"]
[Black "Punnett, Alan K"]
[Result "1/2-1/2"]
[WhiteElo "2202"]
[BlackElo "2120"]
[PlyCount "148"]
[EventDate "2005.05.28"]
[SourceDate "2004.09.21"]

1. e4 e6 2. d4 d5 3. e5 c5 4. c3 Nc6 5. Nf3 Bd7 6. Be2 Nge7 7. Na3 cxd4 8. cxd4
Ng6 9. Nc2 Be7 10. O-O O-O 11. Bd3 Rc8 12. g3 Nh8 13. h4 f6 14. Bf4 Nf7 15.
exf6 Bxf6 16. Re1 g6 17. Ne5 Nfxe5 18. dxe5 Bg7 19. Qg4 Qb6 20. h5 Nxe5 21.
Bxe5 Qxf2+ 22. Kh1 Bxe5 23. Rxe5 Qf3+ 24. Qxf3 Rxf3 25. Re3 Rxe3 26. Nxe3 gxh5
27. Kh2 Rf8 28. Rf1 Rxf1 29. Bxf1 Kf7 30. Kg2 Kf6 31. Kf2 Bc6 32. Bg2 Kg5 33.
Nc2 h4 34. Nd4 hxg3+ 35. Kxg3 Bd7 36. Bh3 Kf6 37. Kf3 Ke5 38. Ke3 Kd6 39. Nf3
h6 40. Bg4 Bb5 41. Nh4 Be8 42. a3 a5 43. Be2 Bd7 44. Bd3 b5 45. b4 axb4 46.
axb4 Be8 47. Be2 Bd7 48. Bh5 e5 49. Bg6 d4+ 50. Ke4 Bc6+ 51. Kd3 Ke6 52. Be4
Bd5 53. Bf5+ Kf6 54. Bd7 Kg5 55. Nf5 Kf4 56. Nd6 e4+ 57. Kxd4 e3 58. Bxb5 Bf3
59. Kd3 h5 60. Bd7 h4 61. b5 e2 62. Kd2 Kg3 63. Ke1 h3 64. Bxh3 Kxh3 65. Nc4
Kg3 66. Ne5 Ba8 67. Kxe2 Kf4 68. Nd7 Ke4 69. Nb6 Bb7 70. Na4 Kd4 71. Kd2 Kc4
72. Nc3 Kc5 73. Kd3 Bc8 74. Kc2 Bd7 1/2-1/2